000 00581nam a22001937a 4500
005 20251108164056.0
008 250721s1994 xx 000 0 ara d
082 1 4 _a327.17/حمد
100 1 _aالحمد، جواد
245 1 0 _aمستقبل السلام في الشرق الأوسط /
264 1 _aعمان :
_bالمؤسسة المتحددة للدراسات و البحوث،
_c1994.
300 _a217ص
650 1 7 _aالسلام
650 1 7 _aإتفاقيات السلام
650 1 7 _aإسرائيل
650 1 7 _aفلسطين
942 _2ddc
_cBK
999 _c2970
_d2970